000 00853cam a22002291 4500
001 med47001006
003 DLC
005 20260227111601.0
008 820821s1947 xx 000 0 eng
010 _amed47001006
035 _a(OCoLC)14683049
040 _aDLC
_cDNLM
_dDLC
042 _apremarc
050 0 0 _aRC881
_b.C38
060 0 _aW6
_bP3 v.5748
100 1 _aCauldwell, David O.,
_d1896-
245 1 0 _aSex and psycho-somatology;
_ba study of the various aspects of the relation of psycho-somatic medicine to sexuality and sexual disorders, including important endocrine data ...
260 _aGirard, Kan.,
_bHaldeman-Julius pubns.
_c[1947]
300 _a32 p.
500 _aEdited by E. Haldeman-Julius; includes his "Notes and comments ... reprinted from The American freeman."
700 2 _aHaldeman-Julius, E.
_q(Emanuel),
_d1888-1951.
999 _c38239
_d38239